đŸŽ¶ Paroles "Octobre" Les Cowboys Fringants - Statistiques

Statistiques générales
  • Ce quiz a Ă©tĂ© pris 84 fois
  • Le rĂ©sultat moyen est 153 sur 230
Statistiques - réponses
Mots % Correct
a
98%
A
98%
Ă 
98%
d'
96%
octobre
96%
S'
96%
s'
96%
de
94%
De
94%
J'
94%
j'
94%
m'
94%
l'
91%
Je
89%
je
89%
le
89%
n'
87%
temps
87%
me
85%
oĂč
85%
pas
85%
Une
85%
en
83%
et
83%
Et
83%
ai
81%
année
81%
au
81%
autre
81%
vie
81%
pris
79%
vient
79%
Y'
79%
y
79%
passer
77%
Su'
77%
coup
74%
mes
74%
qu'
74%
tout
74%
vent
74%
automne
72%
Il
70%
voir
70%
feu
68%
tranquillement
68%
la
64%
que
64%
Que
64%
sa
64%
ambitions
60%
des
60%
effeuiller
60%
sur
60%
ce
57%
On
57%
on
57%
pour
55%
Pour
55%
les
51%
quat'
51%
du
49%
faire
49%
plus
49%
pu'
49%
qui
49%
Qui
49%
dans
47%
est
47%
dis
45%
force
45%
moi-
45%
quoi
45%
r'garde
45%
rien
45%
ronds
45%
son
45%
jours
43%
Sans
43%
allumés
40%
cÎté
40%
éternel
40%
insatisfait
40%
loin
40%
Mais
40%
mĂȘme
40%
perds
40%
aprĂšs
38%
chemin
38%
ĂȘtre
38%
horizon
38%
repos
38%
toujours
38%
Toujours
38%
dépasser
36%
fais
36%
fond?
36%
Par
36%
pouce
36%
salue
36%
trop
36%
vite,
36%
Ceux
34%
course
34%
demain
34%
fait
34%
Jouer
34%
place
34%
regrets
34%
souvent
34%
coude
32%
garder
32%
jamais
32%
point
32%
tous
32%
veut
32%
vivre
32%
croiser
30%
Exister
30%
monde
30%
saisons
30%
survoler
30%
tourbillon
30%
traces
30%
veulent
30%
comme
28%
marche
26%
pédale
26%
cinglés
23%
cons
23%
Pogné
23%
Récoltent
23%
arrĂȘter
21%
happés
13%
Aucun quiz correspondant
Distribution des résultats
% des personnes avec chaque résultat
Percentile par nombre de réponses
Votre historique - résultats
Vous n’avez pas pris ce quiz